| 000 | 00000nas 2200000za 4500 |
| 001 | 9.840761 |
| 003 | CaOODSP |
| 005 | 20250620080826 |
| 007 | cr ||||||||||| |
| 008 | 170731c20169999oncar p o f0 b0fre|d |
| 040 | |aCaOODSP|bfre |
| 043 | |an-cn--- |
| 086 | 1 |aBC9-28F-PDF |
| 245 | 00|aServices facultatifs et sur demande |h[ressource électronique] : |brelevés statistiques et financiers / |cConsommation et politique stratégique. |
| 260 | |a[Ottawa] : |bConseil de la radiodiffusion et des télécommunications canadiennes, |c[2016]- |
| 310 | |aAnnuel |
| 362 | 1 |aParaît depuis: 2012-2016. |
| 500 | |aPubl. aussi en anglais sous le titre : Discretionary and on-demand services ... |
| 520 | |a« Ce rapport présente un sommaire des données statistiques et financières provenant des formulaires du sondage annuel soumis par les services facultatifs et sur demande pour l'année de radiodiffusion » --Introduction, 2006-2010. |
| 692 | 07|2gccst|aTélécommunications |
| 710 | 2 |aConseil de la radiodiffusion et des télécommunications canadiennes. |
| 775 | 08|tDiscretionary and on-demand services |w(CaOODSP)9.840759 |
| 780 | 00|tServices spécialisés, payants, à la carte et de vidéo sur demande |w(CaOODSP)9.504234 |